| 000 -LEADER |
| fixed length control field |
00414nam a22001457a 4500 |
| 082 ## - DEWEY DECIMAL CLASSIFICATION NUMBER |
| Classification number |
H1 |
| Item number |
BRA/C |
| 100 ## - MAIN ENTRY--AUTHOR NAME |
| Personal name |
Braj Bhusahan Singh 'Gautam' - Anurag |
| 245 ## - TITLE STATEMENT |
| Title |
Chandan van sanwaren/ |
| Statement of responsibility, etc |
by Braj Bhusahan Singh 'Gautam' - Anurag |
| 260 ## - PUBLICATION, DISTRIBUTION, ETC. (IMPRINT) |
| Place of publication |
Muradabad: |
| Name of publisher |
Parth Prakasan Dwara Expressions, |
| Year of publication |
2015. |
| 300 ## - PHYSICAL DESCRIPTION |
| Number of Pages |
112p. |
| 650 ## - SUBJECT ADDED ENTRY--TOPICAL TERM |
| Topical Term |
Poetry Hindi |
| 650 ## - SUBJECT ADDED ENTRY--TOPICAL TERM |
| Topical Term |
Literature Hindi |
| 650 ## - SUBJECT ADDED ENTRY--TOPICAL TERM |
| Topical Term |
Literature |
| 942 ## - ADDED ENTRY ELEMENTS (KOHA) |
| Koha item type |
Book |